Loading...
Materials management ; pricedures, text and cases
| Main Author: | |
|---|---|
| Format: | Printed Book |
| Language: | Undetermined English |
| Published: |
New Delhi
Prentice-Hall of India Private Limited
1992
|
| Subjects: |
| LEADER | 00632nam a2200193Ia 4500 | ||
|---|---|---|---|
| 008 | 140306s9999 xx 000 0 und d | ||
| 020 | |a 0 87692 710 0 | ||
| 041 | |a eng | ||
| 082 | |a 658 .7 |b DAT/MA | ||
| 100 | |a Datta, A K | ||
| 245 | |a Materials management ; pricedures, text and cases | ||
| 260 | |a New Delhi |b Prentice-Hall of India Private Limited |c 1992 | ||
| 300 | |a 296 | ||
| 365 | |b Rs .95 | ||
| 650 | |a Inventory management | ||
| 650 | |a stores accounting | ||
| 942 | |2 ddc |c BK | ||
| 999 | |c 182395 |d 182395 | ||
| 952 | |0 0 |1 0 |2 ddc |4 0 |6 658_000000000000000__7_DAT_MA |7 0 |9 188102 |a KAUCBV |b KAUCBV |g 95.00 |o 658 .7 DAT/MA |r 2014-03-22 |w 2014-03-22 |y BK | ||